| 000 | 00666nam a2200229 a 4500 | ||
|---|---|---|---|
| 001 | BRCA_6399 | ||
| 005 | 20190320205434.0 | ||
| 008 | 070911s196u----gw-#######---#000-0#ger-# | ||
| 041 | _ager | ||
| 044 | _agw | ||
| 050 | 4 |
_aPG5038 _b.H28 1 1960 |
|
| 100 | 1 |
_aHasek, Jaroslav _d1883-1923. _916006 |
|
| 245 | 1 | 0 |
_aDie Abenteuer des Braven Soldaten Schwejk _cJaroslav Hasek ; illustriert von Josef Lada |
| 260 |
_aAlemania _bRowohlt _c[196-?] |
||
| 300 |
_a732 p. _bil. _c21 cm. |
||
| 500 | _aVer también CDE12 | ||
| 500 | _aCDE5 | ||
| 650 | 1 | 4 |
_aPrimera Guerra Mundial _vFicción _y1914-1918 _916007 |
| 700 | 1 |
_aLada, Josef _916008 |
|
| 902 | _aGFM | ||
| 942 |
_2lcc _cB |
||
| 999 |
_c6084 _d6084 |
||